top 25 beer consuming countries - Statistics

General Stats
  • This quiz has been taken 57 times
  • The average score is 16 of 25
Answer Stats
Liters Per Year Answer % Correct
72.7 United States of America
96%
99 Germany
94%
92.9 Ireland
85%
70.3 United Kingdom
85%
107.8 Austria
83%
97.7 Poland
83%
128 Czech Republic
81%
88.8 Spain
81%
79.3 Netherlands
78%
75.1 Australia
74%
73.7 Hungary
74%
70.5 Mexico
74%
76.1 Slovakia
70%
100.3 Romania
69%
80 Slovenia
69%
80.5 Estonia
65%
72 FInland
63%
81.4 Latvia
63%
78.7 Bulgaria
61%
85.5 Croatia
59%
74.4 Lithuania
56%
68.6 Bosnia and Herzegovina
50%
78.3 Panama
13%
95.5 Namibia
4%
67 Gabon
2%
No matching quizzes found
Score Distribution
Percent of People with Each Score
Percentile by Number Answered
Your Score History
You have not taken this quiz